| 000 | 01154nam a2200313 c 4500 | ||
|---|---|---|---|
| 003 | BLK | ||
| 005 | 20180421001648.0 | ||
| 008 | 180411b bul|||||r ||||||| ||bul|| | ||
| 010 | _aKNG00214505000 | ||
| 020 |
_a978-954-384-066-3 _bиздат.: Смол стейшънс прес |
||
| 040 | _aBLK | ||
| 041 |
_aBUL _cBUL |
||
| 072 | 7 |
_2bullib _aН8400 _xБългарска поезия Н |
|
| 080 |
_aБългарска литература _b821.163.2 _x-8 _z821.163.2-8 |
||
| 100 | 1 |
_aХайнрих, Петя _eпърви автор _9304879 |
|
| 139 |
_aХайнрих, Петя _bХ 21 |
||
| 245 | 1 | 0 |
_aЛима _bПоезия в проза, стихотворения, записки _cПетя Хайнрих. |
| 257 | _aBGR | ||
| 260 |
_аСофия _bСмол стейшънс прес _c2017 _fСофия : Симолини 94 |
||
| 300 |
_a129 с. _c21 см |
||
| 380 | _aX | ||
| 500 | _aПоезия / Смол Стейшънс Прес | ||
| 659 | _aН | ||
| 852 | _aЦб 288290 | ||
| 856 | 4 |
_qpdf _u |
|
| 856 | 4 |
_qpdf _u |
|
| 942 |
_cKNG _n0 |
||
| 944 |
_aCR _c22.11.2017 _kВиолета_Тройчева |
||
| 944 |
_aED _c19.01.2018 _kГрета_Цуфелде |
||
| 999 |
_c204928 _d204928 |
||